00731nam a22002057a 4500999001900000005001700019010001500036020002600051035001400077037001300091082001100104100001500115245009000130260004500220270006100265300003200326700001900358942002500377952012300402 c194993d19499320230207143905.0 aENG-136141 a9780198069827c575.00 aEN-119673 bDBAD/PUB a341.48 aGhai, Yash aThe Millennium Declaration Rights, and Constitutions/cby Yash Ghai and Jill Cottrell aNew DelhibOxford University Pressc2011 aYMCA Library Building, Jai Singh RoadbNew Delhie110001 axv, 204p.bIndexc23cm(hbk) aCottrell, Jill 2ddccENh341.48mGHA 001040708NFICaDIZbDIZd2023-02-07eDBAD/PUBg575.00l0o341.48 GHApEN-119673r2023-02-07 00:00:00t1v575.00yEN